000 00374cam a2200145ua 4500
003 OSt
008 250415b |||||||| |||| 00| 0 eng d
041 _aeng
082 _a624.15136
_bARO/IN
100 _aArora, K R.
_9131
245 _aIntroductory soil engineering /
260 _aNew Delhi :
_bStandard Publishers Distributors ,
_c1988.
300 _a630 ; .
942 _cBK
999 _c4763
_d4763